000 00553nam a2200181Ia 4500
001 24603
005 20260414151054.0
008 260414t2017||||xx |||||||||||||| ||spa||
041 _aESP
082 _a345.721
_bB141 V. 43
100 _aPeralta Miranda, Giancarlo
_eAUT
245 0 _aArbitraje :
_barbitraje de inversión: el dinámico y complejo fenómeno jurídico, visto a través de los tratados bilaterales de inversión
260 _c2017
300 _a434 páginas :
_c24 cm.
650 _aDER
654 _aCDE
942 _cLIB
_dJUS
_fJUS
_2ddc
_n
999 _c24603
_d24603